[Event "Oviedo op 8th"]
[Site "Oviedo"]
[Date "2022.07.20"]
[Round "5"]
[White "Garcia Alvarez, Javier II"]
[Black "Prochaieva, Olha"]
[Result "1-0"]
[WhiteElo "1675"]
[BlackElo "1241"]
[PlyCount "77"]
[EventDate "2022.07.17"]
[EventType "swiss"]
[EventRounds "9"]
[EventCountry "ESP"]
[SourceTitle "CBM 209 Extra"]
[Source "ChessBase"]
[SourceDate "2022.09.30"]
[SourceVersion "1"]
[SourceVersionDate "2022.09.30"]
[SourceQuality "1"]

1. e4 c5 2. Nc3 e6 3. d3 a6 4. g3 b6 5. Bg2 Bb7 6. Nf3 d6 7. 0-0 Nf6 8. Re1 Nbd7 9. b3 Be7 10. Bb2 0-0 11. Ne2 Qc7 12. Nf4 Rfd8 13. c4 h6 14. Nd2 Re8 15. Nh5 Rad8 16. Qe2 Nxh5 17. Qxh5 Nf6 18. Qe2 Rd7 19. Nf3 Red8 20. Rad1 Re8 21. Nd2 Qc6 22. Qf1 Qc7 23. f4 Red8 24. Nf3 Ng4 25. h3 Nf6 26. Qf2 Ba8 27. Rd2 Rb8 28. g4 Nh7 29. h4 Qd8 30. g5 h5 31. d4 g6 32. d5 Nf8 33. Bh3 Rc7 34. f5 Qc8 35. fxe6 fxe6 36. Rf1 Bd8 37. Nh2 Nh7 38. Bxe6+ Rf7 39. Qxf7# 1-0

[Event "Benidorm op U2000 13th"]
[Site "Benidorm"]
[Date "2014.12.07"]
[Round "10"]
[White "Garcia Alvarez, Javier II"]
[Black "Fleming, Andrew"]
[Result "0-1"]
[WhiteElo "1763"]
[BlackElo "1928"]
[PlyCount "54"]
[EventDate "2014.11.28"]
[EventType "swiss"]
[EventRounds "10"]
[EventCountry "ESP"]
[SourceTitle "CBM 163 Extra"]
[Source "ChessBase"]
[SourceDate "2014.12.23"]
[SourceVersion "1"]
[SourceVersionDate "2014.12.23"]
[SourceQuality "1"]

1. f4 e6 2. Nf3 Nf6 3. e3 c5 4. b3 b6 5. Be2 Bb7 6. 0-0 Be7 7. Bb2 0-0 8. c4 Nc6 9. Nc3 d5 10. d4 Ng4 11. Qd2 Nxe3 12. Nxd5 Nxf1 13. Nxe7+ Qxe7 14. Kxf1 cxd4 15. Nxd4 Rad8 16. Nxc6 Bxc6 17. Qc3 f6 18. Rd1 Rxd1+ 19. Bxd1 Qd6 20. Qc1 Rd8 21. Be2 Qd2 22. g3 Bg2+ 23. Kf2 Bh3 24. Kf3 Bg4+ 25. Kxg4 Qxe2+ 26. Kh3 Rd2 27. Qh1 Qh5# 0-1

[Event "Benidorm op U2000 13th"]
[Site "Benidorm"]
[Date "2014.12.06"]
[Round "9"]
[White "Gonzalez Pabollet, Jesus Maria"]
[Black "Garcia Alvarez, Javier II"]
[Result "1/2-1/2"]
[WhiteElo "1883"]
[BlackElo "1763"]
[PlyCount "65"]
[EventDate "2014.11.28"]
[EventType "swiss"]
[EventRounds "10"]
[EventCountry "ESP"]
[SourceTitle "CBM 163 Extra"]
[Source "ChessBase"]
[SourceDate "2014.12.23"]
[SourceVersion "1"]
[SourceVersionDate "2014.12.23"]
[SourceQuality "1"]

1. g3 e5 2. Bg2 Nf6 3. c4 c6 4. Nf3 Qc7 5. Nc3 d6 6. d3 Be7 7. 0-0 0-0 8. Bg5 h6 9. Bd2 Bg4 10. Rc1 Nbd7 11. h3 Bf5 12. Nh4 Bh7 13. Bf3 Nc5 14. b4 Ne6 15. Bg2 Qd7 16. e4 Nd4 17. Be3 g5 18. Nf3 Nxf3+ 19. Qxf3 d5 20. cxd5 cxd5 21. exd5 Bxd3 22. Rfe1 e4 23. Qd1 Bxb4 24. Nxe4 Bxe4 25. Qd4 Bxe1 26. Qxf6 Bxf2+ 27. Bxf2 Qf5 28. Qxh6 Qg6 29. Qxg6+ Bxg6 30. d6 Rfd8 31. Bc5 Rd7 32. Rd1 a6 33. Bb6 1/2-1/2

[Event "Benidorm op U2000 12th"]
[Site "Benidorm"]
[Date "2013.12.07"]
[Round "10"]
[White "Poggiolini, Alessandro"]
[Black "Garcia Alvarez, Javier II"]
[Result "1-0"]
[WhiteElo "1971"]
[BlackElo "1805"]
[PlyCount "53"]
[EventDate "2013.11.29"]
[EventType "swiss"]
[EventRounds "10"]
[EventCountry "ESP"]
[SourceTitle "CBM 157 Extra"]
[Source "ChessBase"]
[SourceDate "2013.12.19"]
[SourceVersion "1"]
[SourceVersionDate "2013.12.19"]
[SourceQuality "1"]

1. e4 e6 2. d4 d5 3. Nd2 c6 4. Ngf3 Bb4 5. c3 Ba5 6. Bd3 Ne7 7. 0-0 Nd7 8. Re1 h6 9. e5 a6 10. Nf1 b5 11. Ng3 g6 12. h4 Bb7 13. h5 Qc7 14. a4 0-0-0 15. axb5 axb5 16. Qb3 Bb6 17. Bf4 Nf5 18. Nxf5 gxf5 19. Qa3 Nf6 20. exf6 Qxf4 21. Ne5 Rhg8 22. Nxf7 Qf3 23. Bf1 Rxg2+ 24. Bxg2 Rg8 25. Qa8+ Bxa8 26. Rxa8+ Kc7 27. Rxg8 1-0